000 00457nam a22001457a 4500
082 _a894.812
_bKOT/K
100 _aKOTHAMBATH,VIJAYAN
245 _aKUTTIKALARIYAN INDIAYUDE BHARANAGHADANA
246 _aKUTTIKALARIYAN INDIAYUDE BHARANAGHADANA
_bKUTTIKALARIYAN INDIAYUDE BHARANAGHADANA
260 _aKOZHIKODE, KERALA, INDIA
_bMATHRUBHUMI
_c2023
300 _a128
520 _aBHARANAGHADANA FOR CHILDREN
650 _aMALAYALAM HISTORICAL BOOK
942 _cBK
999 _c8655
_d8655